LEADER 01028cam0 22002413 450 001 SOB0000001453 005 20230726094737.0 100 $a20010207d1837 |||||ita|0103 ba 101 $aita 102 $aIT 200 1 $aCanto nelle faustissime nozze di S. M. Ferdinando II re delle due Sicilie e di M. Teresa Isabella arciduchessa d'Austria$fdi P. S. Mancini 210 $aNapoli$cTip. Economica-Partenopea di Federico Perretti$d1837 215 $a8 p.$d29 cm 700 1$aMancini$b, Pasquale Stanislao$3AF00004597$4070$0446854 801 0$aIT$bUNISOB$c20230726$gRICA 850 $aUNISOB 852 $aUNISOB$j340|Coll|5|K$m53255 912 $aSOB0000001453 940 $aM 102 Monografia moderna SBN 941 $aM 957 $a340|Coll|5|K$b000019$gSI$d53255$rACQUISTO$1Alfano$2UNISOB$3UNISOB$420230704095839.0$520230726094721.0$6Alfano$fFotocopia dell'originale 996 $aCanto nelle faustissime nozze di S. M. Ferdinando II re delle due Sicilie e di M. Teresa Isabella arciduchessa d'Austria$91678746 997 $aUNISOB LEADER 01239nam0 22002891i 450 001 UON00490786 005 20231205105330.893 100 $a20181009r19481956 |0itac50 ba 101 $aeng 102 $aUS 105 $a|||| 1|||| 200 1 $aˆThe ‰American language$ean inquiry into the development of English in the United States$eSupplement 2. / by H. L. Mencken 210 $aNew York$cA. A. Knopf$d1948$e3a rist. 1956 215 $aXIII, 890, XLIII p.$d24 cm. 316 $aValore stimato$5IT-UONSI S.CXII F/006 410 1$1001UON00490780$12001 $aBorzoi Books$1210 $aNew York$cA. A. Knopf 606 $aLingua inglese$xStati Uniti$3UONC060782$2FI 620 $aUS$dNew York$3UONL000050 676 $a427.973$cLingua inglese. Varianti geografiche. Stati Uniti.$v21 700 1$aMENCKEN$bHenry Louis$3UONV125205$0187896 712 $aKnopf$3UONV248446$4650 801 $aIT$bSOL$c20250808$gRICA 899 $aSIBA - SISTEMA BIBLIOTECARIO DI ATENEO$2UONSI 912 $aUON00490786 950 $aSIBA - SISTEMA BIBLIOTECARIO DI ATENEO$dSI S.C XII F 006 $eSI MR 54719/2 7 006 Valore stimato 996 $aAmerican language$996068 997 $aUNIOR